Senzor elektromagnetického poľa pre meranie veľkých anténnych systémov

Saved in:
Bibliographic Details
Main Author: Dzuriš, Michal (Author)
Other Authors: Harťanský, René (Thesis advisor)
Format: Manuscript Book
Language:Slovak
Published: Bratislava : STU v Bratislave FEI, 2022
Subjects:
Online Access:https://opac.crzp.sk/?fn=detailBiblioForm&sid=D9F0BB0A8DA9926980A893D31B33&seo=CRZP-detail-kniha
Tags: Add Tag
No Tags, Be the first to tag this record!

MARC

LEADER 00000ntm a22000003a 4500
001 stuzp88809
003 SK-STU
005 20221121130918.0
007 ta
008 150427s2015----xo-----f-mn---000-0-slo-d
040 |a STU  |b slo 
041 0 |a slo 
044 |a xo 
100 1 |a Dzuriš, Michal  |u 034000  |k Z8  |4 aut  |U FEI Fakulta elektrotechniky a informatiky  |T FEI Ústav elektrotechniky  |X 92398  |U E040  |Y 550  |7 92398 
242 0 1 |a Sensor of electromagnetic field for large antenna systems measurement  |y eng 
245 1 0 |a Senzor elektromagnetického poľa pre meranie veľkých anténnych systémov 
260 |a Bratislava :  |b STU v Bratislave FEI,  |c 2022 
300 |a 67 s. 
650 4 |a Veľké anténne systémy  |2 slo 
650 4 |a Smerová charakteristika  |2 slo 
650 4 |a Kvadrokoptéra  |2 slo 
650 4 |a Quadcopter  |2 eng 
650 4 |a Large antenna systems  |2 eng 
650 4 |a Radiation pattern  |2 eng 
700 1 |a Harťanský, René  |u 034000  |k Z1  |4 ths  |U FEI Fakulta elektrotechniky a informatiky  |T FEI Ústav elektrotechniky  |X 2588  |U E040  |Y 550  |7 A000002588 
856 4 |u https://opac.crzp.sk/?fn=detailBiblioForm&sid=D9F0BB0A8DA9926980A893D31B33&seo=CRZP-detail-kniha